| 000 | 00671nam a2200217Ia 4500 | ||
|---|---|---|---|
| 003 | GCL | ||
| 005 | 20240530103535.0 | ||
| 008 | 140319s9999 xx 000 0 ara d | ||
| 040 |
_aGCL / _cGCL |
||
| 082 | 0 | 4 |
_a962.074 _bق/م م |
| 100 | 1 | _aمحمد جبر | |
| 245 | 1 | 0 |
_aمراسل حربى فى الجبهة / _cمحمد جبر |
| 300 |
_a185 ص ؛ _c19 سم . |
||
| 650 | 0 | 4 | _aالصحفيون المصريون |
| 650 | 0 | 4 | _aالصحفيون |
| 650 | 0 | 4 | _aحرب اكتوبر 1973 |
| 700 | 1 |
_aحسن البدرى _eمقدم |
|
| 700 | 1 |
_aحامد محمود _eمقدم |
|
| 942 |
_2ddc _cBK |
||
| 999 |
_c40445 _d40445 |
||